[Event "GER-chT Christmas U20"]
[Site "Playchess.com INT"]
[Date "2020.12.29"]
[Round "5.3"]
[White "Borodaev, Roman"]
[Black "Witek, Jarne"]
[Result "0-1"]
[WhiteElo "1657"]
[BlackElo "1393"]
[PlyCount "54"]
[EventDate "2020.12.29"]
[EventType "team-swiss (blitz)"]
[EventRounds "7"]
[EventCountry "GER"]
[SourceTitle "CBM 200 Extra"]
[Source "ChessBase"]
[SourceDate "2021.03.31"]
[SourceVersion "1"]
[SourceVersionDate "2021.03.31"]
[SourceQuality "1"]
[WhiteTeam "Karlsruhe II"]
[BlackTeam "Think Rochade"]
[WhiteTeamCountry "GER"]
[BlackTeamCountry "GER"]

1. e4 e5 2. Nf3 Nc6 3. Bb5 a6 4. Ba4 d6 5. 0-0 Nf6 6. Re1 Be7 7. d4 exd4 8. Nxd4 Bd7 9. Bg5 Nxd4 10. Bxd7+ Qxd7 11. Qxd4 0-0 12. Nc3 h6 13. Bh4 Rfe8 14. Rad1 Rad8 15. e5 dxe5 16. Qxe5 Bd6 17. Qa5 Qg4 18. Bxf6 gxf6 19. Nd5 Qh4 20. g3 Qg5 21. Qc3 Be5 22. Qc4 c6 23. f4 cxd5 24. Rxd5 Bd4+ 25. Rxd4 Rxe1+ 26. Kf2 Rxd4 27. Qxd4 Qa5 0-1

[Event "GER-chT Christmas U20"]
[Site "Playchess.com INT"]
[Date "2020.12.29"]
[Round "2.3"]
[White "Witek, Jarne"]
[Black "Gillmeister, Gino"]
[Result "0-1"]
[WhiteElo "1393"]
[BlackElo "1587"]
[PlyCount "44"]
[EventDate "2020.12.29"]
[EventType "team-swiss (blitz)"]
[EventRounds "7"]
[EventCountry "GER"]
[SourceTitle "CBM 200 Extra"]
[Source "ChessBase"]
[SourceDate "2021.03.31"]
[SourceVersion "1"]
[SourceVersionDate "2021.03.31"]
[SourceQuality "1"]
[WhiteTeam "Think Rochade"]
[BlackTeam "Lichtenberg Borussia"]
[WhiteTeamCountry "GER"]
[BlackTeamCountry "GER"]

1. Nf3 b6 2. d4 Bb7 3. e3 e6 4. b3 f5 5. Bb2 Nf6 6. Bd3 Be7 7. 0-0 0-0 8. Nbd2 Qe8 9. c4 Qh5 10. Qc2 c5 11. e4 Nc6 12. d5 Nb4 13. Qb1 Nxd3 14. Qxd3 fxe4 15. Nxe4 exd5 16. Nxf6+ Bxf6 17. Bxf6 Rxf6 18. cxd5 Qxd5 19. Rad1 Qh5 20. Qxd7 Bxf3 21. gxf3 Rg6+ 22. Kh1 Qxf3# 0-1

[Event "Rostock SSC op 18th"]
[Site "Rostock"]
[Date "2019.08.07"]
[Round "1"]
[White "Witek, Jarne"]
[Black "Kallweit, Paul"]
[Result "1-0"]
[WhiteElo "1322"]
[BlackElo "1819"]
[PlyCount "69"]
[EventDate "2019.08.07"]
[EventType "swiss"]
[EventRounds "7"]
[EventCountry "GER"]
[SourceTitle "EXT 2020"]
[Source "ChessBase"]
[SourceDate "2019.10.17"]
[SourceVersion "1"]
[SourceVersionDate "2019.10.17"]
[SourceQuality "1"]

1. c4 Nf6 2. Nf3 e6 3. Nc3 d5 4. e3 Be7 5. Be2 0-0 6. 0-0 a6 7. b3 Nbd7 8. d4 c6 9. Bb2 a5 10. cxd5 exd5 11. Bd3 Bd6 12. Ne2 Re8 13. Rc1 a4 14. Qc2 axb3 15. axb3 Nf8 16. Ne5 Ng6 17. f4 Ng4 18. Qd2 Ra2 19. Ra1 Rxa1 20. Rxa1 Bxe5 21. h3 Bd6 22. hxg4 Bxg4 23. Ng3 Qf6 24. Ra7 Nxf4 25. exf4 Bxf4 26. Qf2 Qg5 27. Nf1 Bc8 28. Ra8 g6 29. Ba3 Kg7 30. g3 Bc7 31. Bb4 h5 32. Bd2 Qe7 33. Ra1 Be6 34. Re1 Bb6 35. Qe3 1-0

[Event "Mecklenburg VP-ch U16"]
[Site "Malchow"]
[Date "2019.02.05"]
[Round "5.7"]
[White "Pfennigschmidt, Lennart Ivo"]
[Black "Witek, Jarne"]
[Result "0-1"]
[WhiteElo "1275"]
[BlackElo "1352"]
[PlyCount "56"]
[EventDate "2019.02.02"]
[EventType "swiss"]
[EventRounds "7"]
[EventCountry "GER"]
[SourceTitle "EXT 2022"]
[Source "ChessBase"]
[SourceDate "2021.10.06"]
[SourceVersion "1"]
[SourceVersionDate "2021.10.06"]
[SourceQuality "1"]

1. e4 e5 2. Nf3 Nf6 3. Nc3 Nc6 4. d4 exd4 5. Nxd4 Bb4 6. Nxc6 bxc6 7. Bg5 Qe7 8. Bd3 Qe5 9. f4 Bxc3+ 10. bxc3 Qxc3+ 11. Kf2 Qd4+ 12. Kg3 0-0 13. Re1 Kh8 14. e5 Nd5 15. Qh5 g6 16. Qh6 Rg8 17. Be4 f6 18. Bxd5 fxg5 19. Bxg8 Qxf4+ 20. Kh3 d5+ 21. e6 g4+ 22. Kh4 Qxh6+ 23. Kg3 Kxg8 24. Re5 g5 25. h3 gxh3 26. gxh3 Bxe6 27. Rg1 Qxh3+ 28. Kf2 Qh2+ 0-1

[Event "Mecklenburg VP-ch U16"]
[Site "Malchow"]
[Date "2019.02.03"]
[Round "3.7"]
[White "Thote, Christian"]
[Black "Witek, Jarne"]
[Result "1-0"]
[WhiteElo "1387"]
[BlackElo "1352"]
[PlyCount "53"]
[EventDate "2019.02.02"]
[EventType "swiss"]
[EventRounds "7"]
[EventCountry "GER"]
[SourceTitle "EXT 2022"]
[Source "ChessBase"]
[SourceDate "2021.10.06"]
[SourceVersion "1"]
[SourceVersionDate "2021.10.06"]
[SourceQuality "1"]

1. d4 d5 2. c4 e6 3. Nf3 Nf6 4. Bf4 Bd6 5. Bxd6 Qxd6 6. c5 Qe7 7. Nc3 c6 8. e3 0-0 9. Be2 Nbd7 10. 0-0 e5 11. b4 e4 12. Nd2 Ne8 13. a4 Qg5 14. f4 exf3 15. Rxf3 Ndf6 16. Rg3 Qh4 17. Nf3 Qh6 18. Ne5 Ne4 19. Nxe4 dxe4 20. Bc4 Nf6 21. Qb3 Nd5 22. b5 Be6 23. bxc6 bxc6 24. Nxc6 Qh5 25. Rf1 f6 26. Qb7 Kh8 27. Qxg7# 1-0

[Event "Mecklenburg VP LL2 West 1819"]
[Site "Mecklenburg VP"]
[Date "2018.10.21"]
[Round "1.8"]
[White "Silwedel, Bjoern"]
[Black "Witek, Jarne"]
[Result "1/2-1/2"]
[WhiteElo "1675"]
[BlackElo "1352"]
[PlyCount "92"]
[EventDate "2018.10.21"]
[EventType "team-tourn"]
[EventRounds "9"]
[EventCountry "GER"]
[SourceTitle "EXT 2022"]
[Source "ChessBase"]
[SourceDate "2021.10.06"]
[SourceVersion "1"]
[SourceVersionDate "2021.10.06"]
[SourceQuality "1"]
[WhiteTeam "Kuehlungsborn SV Empor"]
[BlackTeam "Rostock SSC 07 II"]
[WhiteTeamCountry "GER"]
[BlackTeamCountry "GER"]

1. d4 d5 2. Bf4 c5 3. e3 Nc6 4. Nf3 Qb6 5. b3 cxd4 6. Nxd4 Nxd4 7. Qxd4 Qxd4 8. exd4 Bd7 9. Nc3 e6 10. Nb5 Rc8 11. 0-0-0 Nf6 12. f3 a6 13. Nd6+ Bxd6 14. Bxd6 Bc6 15. Bd3 Kd7 16. Be5 Ke7 17. g4 h6 18. h4 Ne8 19. g5 h5 20. Rhg1 Rg8 21. Rde1 g6 22. Kb2 Nc7 23. a4 b5 24. Ka3 Kd7 25. Rc1 Rb8 26. axb5 axb5 27. Kb2 Ra8 28. Ra1 Rxa1 29. Rxa1 Ra8 30. Rxa8 Nxa8 31. Ka3 Kc8 32. Kb4 Kb7 33. Bxb5 Nb6 34. Bxc6+ Kxc6 35. c4 Nd7 36. f4 Nb6 37. c5 Nc8 38. Ka5 Na7 39. b4 Nb5 40. Ka4 Nc3+ 41. Ka5 Nb5 42. Bb8 Nxd4 43. Be5 Nb5 44. Bb2 d4 45. Bc1 d3 46. Bd2 Nd4 1/2-1/2

[Event "Rostock SSC op 17th"]
[Site "Rostock"]
[Date "2018.07.14"]
[Round "6.24"]
[White "Biele, Johanna"]
[Black "Witek, Jarne"]
[Result "0-1"]
[WhiteElo "1409"]
[BlackElo "1242"]
[PlyCount "92"]
[EventDate "2018.07.11"]
[EventType "swiss"]
[EventRounds "7"]
[EventCountry "GER"]
[SourceTitle "EXT 2019"]
[Source "ChessBase"]
[SourceDate "2018.10.10"]
[SourceVersion "1"]
[SourceVersionDate "2018.10.10"]
[SourceQuality "1"]

1. d4 d5 2. Bf4 c5 3. c3 cxd4 4. cxd4 Nf6 5. e3 Bg4 6. Be2 Bxe2 7. Nxe2 e6 8. 0-0 Bd6 9. Nbc3 0-0 10. Qc2 Nc6 11. a3 Rc8 12. Rac1 Qd7 13. Bxd6 Qxd6 14. h3 Qd7 15. Qa4 a6 16. Nf4 Rc7 17. Nd3 Rfc8 18. Rfd1 Ne7 19. Qxd7 Nxd7 20. Rd2 b6 21. Rdc2 Nf6 22. Nb4 a5 23. Nb5 Rxc2 24. Nxc2 Ne4 25. Kf1 Nd2+ 26. Ke1 Nb3 27. Kd1 Nxc1 28. Kxc1 Kf8 29. Kd2 Nf5 30. Kd3 Ke7 31. Nc3 Kd7 32. Ne1 Kc6 33. a4 Rg8 34. Nf3 f6 35. Ke2 Nd6 36. Nd2 b5 37. axb5+ Nxb5 38. Na4 Rb8 39. Nb1 e5 40. Kd3 exd4 41. exd4 Nxd4 42. Kxd4 Rb4+ 43. Ke3 Rxa4 44. f4 Rb4 45. Nc3 Rxb2 46. Kf3 Rb3 0-1

[Event "Rostock SSC op 17th"]
[Site "Rostock"]
[Date "2018.07.13"]
[Round "4.24"]
[White "Morosova, Svetlana"]
[Black "Witek, Jarne"]
[Result "1/2-1/2"]
[WhiteElo "1685"]
[BlackElo "1242"]
[PlyCount "50"]
[EventDate "2018.07.11"]
[EventType "swiss"]
[EventRounds "7"]
[EventCountry "GER"]
[SourceTitle "EXT 2019"]
[Source "ChessBase"]
[SourceDate "2018.10.10"]
[SourceVersion "1"]
[SourceVersionDate "2018.10.10"]
[SourceQuality "1"]

1. d4 d5 2. e3 c5 3. c3 cxd4 4. exd4 Nf6 5. Nf3 Bg4 6. Bd3 e6 7. Nbd2 Bd6 8. Qc2 Qc7 9. h3 Bh5 10. Nf1 Bxf3 11. gxf3 Nbd7 12. Be3 g6 13. Rg1 Nh5 14. Bb5 0-0-0 15. Bxd7+ Kxd7 16. Qa4+ Qc6 17. Qxc6+ bxc6 18. Ng3 Nf4 19. Bxf4 Bxf4 20. Ne2 Bd6 21. f4 Rb8 22. b4 Ra8 23. Kd2 a5 24. a3 Ra7 25. Rgb1 axb4 1/2-1/2

[Event "Rostock SSC op 17th"]
[Site "Rostock"]
[Date "2018.07.13"]
[Round "5.21"]
[White "Witek, Jarne"]
[Black "Birkholz, Karl Lukas"]
[Result "1/2-1/2"]
[WhiteElo "1242"]
[BlackElo "1639"]
[PlyCount "54"]
[EventDate "2018.07.11"]
[EventType "swiss"]
[EventRounds "7"]
[EventCountry "GER"]
[SourceTitle "EXT 2019"]
[Source "ChessBase"]
[SourceDate "2018.10.10"]
[SourceVersion "1"]
[SourceVersionDate "2018.10.10"]
[SourceQuality "1"]

1. d4 d5 2. Nf3 Nf6 3. e3 e6 4. Bd3 c5 5. b3 Nc6 6. Bb2 Bd7 7. 0-0 cxd4 8. exd4 Bd6 9. Nbd2 Rc8 10. Ne5 Nb4 11. Ba3 Be7 12. Ndf3 Nxd3 13. Bxe7 Qxe7 14. Qxd3 h6 15. Nxd7 Nxd7 16. Ne5 Nxe5 17. dxe5 Qc7 18. Qg3 0-0 19. Rfc1 Qc3 20. Kf1 Rc6 21. Ke2 Rfc8 22. Qxc3 Rxc3 23. Kd2 g5 24. a4 a5 25. Ra2 d4 26. Re1 Kg7 27. Re4 d3 1/2-1/2